Data mining cookbook: Modeling for marketing, risk, and customer relatonship management
This book shows how to create and implement models of the most commonly asked data mining questions for marketing, sales, risk analysis, and customer relationship management and support.
Zapisane w:
| 1. autor: | |
|---|---|
| Format: | Książka |
| Język: | Undetermined |
| Wydane: |
New York
John Wiley & Sons
2001
|
| Hasła przedmiotowe: | |
| Etykiety: |
Dodaj etykietę
Nie ma etykietki, Dołącz pierwszą etykiete!
|
| Thư viện lưu trữ: | Trung tâm Học liệu Trường Đại học Cần Thơ |
|---|
| LEADER | 00827nam a2200205Ia 4500 | ||
|---|---|---|---|
| 001 | CTU_42250 | ||
| 008 | 210402s9999 xx 000 0 und d | ||
| 020 | |b 749.000đ | ||
| 082 | |a 658.05 | ||
| 082 | |b R913 | ||
| 100 | |a Olivia Parr Rud | ||
| 245 | 0 | |a Data mining cookbook: Modeling for marketing, risk, and customer relatonship management | |
| 245 | 0 | |c Olivia Parr Rud | |
| 260 | |a New York | ||
| 260 | |b John Wiley & Sons | ||
| 260 | |c 2001 | ||
| 520 | |a This book shows how to create and implement models of the most commonly asked data mining questions for marketing, sales, risk analysis, and customer relationship management and support. | ||
| 650 | |a computer programming management,decision-making,management - data processing | ||
| 904 | |i Minh, 010714 | ||
| 980 | |a Trung tâm Học liệu Trường Đại học Cần Thơ | ||